Trilogy of treason : an intertextual study of Juan Goytisolo /

Bibliographic Details
Main Author: Ugarte, Michael, 1949-
Format: Book
Language:English
Published: Columbia : University of Missouri Press, 1982.
Subjects:

MARC

Tag First Indicator Second Indicator Subfields
LEADER 00000pam a2200000 a 4500
001 in00000074132
005 20151008060210.0
008 810520s1982 mou b s00110 eng
010 |a  81010288  
020 |a 0826203531 
035 |a (OCoLC)07553894 
035 |9 AAJ5298AM 
039 0 |a 2  |b 3  |c 3  |d 3  |e 3 
040 |a DLC  |c DLC  |d TXA  |d UtOrBLW 
049 |a TXAM  |c [1481953] 
050 0 0 |a PQ6613.O79  |b Z97 
082 0 |a 863/.64  |2 19 
100 1 |a Ugarte, Michael,  |d 1949- 
245 1 0 |a Trilogy of treason :  |b an intertextual study of Juan Goytisolo /  |c Michael Ugarte. 
264 1 |a Columbia :  |b University of Missouri Press,  |c 1982. 
300 |a ix, 171 pages ;  |c 22 cm. 
336 |a text  |b txt  |2 rdacontent 
337 |a unmediated  |b n  |2 rdamedia 
338 |a volume  |b nc  |2 rdacarrier 
500 |a Includes index. 
504 |a Bibliography: pages 162-167. 
600 1 0 |a Goytisolo, Juan. 
999 |a MARS 
999 f f |s acb8e2c8-bd94-365d-abbb-7eef67e8e9cd  |i a321d188-7354-36e4-b31c-df9601668a7c  |t 0 
952 f f |p ric  |a Texas A&M University  |b Rellis Campus  |c Joint Library Facility  |s JLF  |d Remote Storage  |t 0  |e PQ6613.O79 Z97  |h Library of Congress classification  |i unmediated -- volume  |m A14806181746 
998 f f |a PQ6613.O79 Z97  |t 0  |l Remote Storage